Top 50 NBA players 2022-23 - Statistics

General Stats
  • This quiz has been taken 61 times
  • The average score is 34 of 50
Answer Stats
Hint Answer % Correct
PG,SF,PF Lebron James
100%
PG Stephen Curry
100%
C Joel Embiid
91%
C Nikola Jokic
91%
C Anthony Davis
87%
PF Giannis Antetokounmpo
87%
SF,PF Kevin Durant
85%
PG,SG Luka Doncic
85%
PG Chris Paul
83%
SG Devin Booker
83%
SF,PF Jayson Tatum
83%
SG,PG James Harden
80%
PG,SG Donovan Mitchell
78%
SG,SF Jaylen Brown
74%
PG,SG Kyrie Irving
74%
SG,SF Paul George
74%
PG Damian Lillard
72%
C Domantas Sabonis
72%
PG Ja Morant
72%
SF,PF Kawhi Leonard
72%
PG De'Aaron Fox
70%
PG Trae Young
70%
SG Zach Lavine
70%
SG,SF Demar Derozan
67%
PF,C Julius Randle
67%
PF,C Pascal Siakam
67%
SG,PG Dejounte Murray
65%
PG,SG Jamal Murray
65%
SG,SF Jimmy Butler
65%
PF,C Karl-Anthony Towns
65%
PF,C Zion Williamson
65%
SG,PG Bradley Beal
63%
C,PF Kristaps Porzingis
63%
PG,SG Shai Gilgeous-Alexander
63%
PG Fred Vanvleet
61%
PF,C Jaren Jackson Jr.
61%
PG Tyrese Haliburton
61%
C,PF Bam Adebayo
59%
SG,SF Anthony Edwards
57%
SF Brandon Ingram
57%
PG Darius Garland
57%
PG Jrue Holiday
57%
PF,C Lauri Markkanen
57%
C Rudy Gobert
57%
C Jarrett Allen
54%
SF,SG Khris Middleton
54%
PG,SG CJ McCollum
52%
PF,C Evan Mobley
43%
SF,SG Mikal Bridges
43%
C Nikola Vucevic
41%
No matching quizzes found
Score Distribution
Percent of People with Each Score
Percentile by Number Answered
Your Score History
You have not taken this quiz